Jesus my Lord / (Record no. 4735)

MARC details
000 -LEADER
fixed length control field 01140cam a2200325 a 4500
001 - CONTROL NUMBER
control field 11832840
003 - CONTROL NUMBER IDENTIFIER
control field GBCCL
005 - DATE AND TIME OF LATEST TRANSACTION
control field 20241126110525.0
008 - FIXED-LENGTH DATA ELEMENTS--GENERAL INFORMATION
fixed length control field 990823s1999 ii 000 0 eng
010 ## -
-- 99938274
020 ## - INTERNATIONAL STANDARD BOOK NUMBER
International Standard Book Number 8172141815
025 ## - OVERSEAS ACQUISITION NUMBER
Overseas acquisition number I-E-99-938274; 13
035 ## - SYSTEM CONTROL NUMBER
System control number (DLC) 99938274
037 ## - SOURCE OF ACQUISITION
Source of stock number/acquisition Library of Congress -- New Delhi Field Office
Terms of availability Rs125.00
040 ## - CATALOGING SOURCE
Original cataloging agency DLC
Transcribing agency DLC
Modifying agency DLC
042 ## -
-- lcode
050 00 -
-- BT202
-- .B27 1999
082 00 - DEWEY DECIMAL CLASSIFICATION NUMBER
Classification number 232.8
Edition information 21
Item number BAN
100 1# - MAIN ENTRY--PERSONAL NAME
Personal name Banerjee, Brojendra Nath,
Dates associated with a name 1934-
9 (RLIN) 6983
245 10 - TITLE STATEMENT
Title Jesus my Lord /
Statement of responsibility, etc. Brojendra Nath Banerjee.
260 ## - PUBLICATION, DISTRIBUTION, ETC.
Place of publication, distribution, etc. Delhi :
Name of publisher, distributor, etc. Published for Christian Institute for the Study of Religion and Society by ISPCK,
Date of publication, distribution, etc. 1994.
300 ## - PHYSICAL DESCRIPTION
Extent 156 p. ;
Dimensions 23 cm.
600 00 - SUBJECT ADDED ENTRY--PERSONAL NAME
Personal name Jesus Christ
General subdivision Person and offices.
9 (RLIN) 268
650 #0 - SUBJECT ADDED ENTRY--TOPICAL TERM
Topical term or geographic name entry element Faith
General subdivision Biblical teaching.
9 (RLIN) 2610
710 2# - ADDED ENTRY--CORPORATE NAME
Corporate name or jurisdiction name as entry element Christian Institute for the Study of Religion and Society, Bangalore.
9 (RLIN) 8651
710 2# - ADDED ENTRY--CORPORATE NAME
Corporate name or jurisdiction name as entry element I.S.P.C.K. (Organization)
9 (RLIN) 393
906 ## - LOCAL DATA ELEMENT F, LDF (RLIN)
a 7
b cbc
c origode
d 3
e ncip
f 19
g y-gencatlg
942 ## - ADDED ENTRY ELEMENTS (KOHA)
Source of classification or shelving scheme Dewey Decimal Classification
Koha item type Books
Koha issues (borrowed), all copies 1
Holdings
Withdrawn status Lost status Source of classification or shelving scheme Damaged status Not for loan Home library Current Library Shelving location Date acquired Total checkouts Total renewals Full call number Barcode Date last seen Date last checked out Copy number Price effective from Koha item type
    Dewey Decimal Classification     GRACE BIBLE COLLEGE GRACE BIBLE COLLEGE Theology 2018-02-02 2 1 232.8 BAN 006049 2025-05-01 2025-01-13 c.1 2018-02-02 Books
© Grace Bible College Library 2025